| 000 | 00694nam a2200205 i 4500 | ||
|---|---|---|---|
| 001 | 26375 | ||
| 003 | ES-MaACL | ||
| 005 | 20240422215903.0 | ||
| 007 | t| | ||
| 008 | 030109q1902 sp ||||1| spa d | ||
| 100 | 1 |
_aArtigas y Teixidor, Primitivo. _923476 |
|
| 245 | 1 | 0 |
_aNoticia necrológica de Máximo Laguna y Villanueva / _cpor Primitivo Artigas y Teixidor. |
| 260 |
_aMadrid : _b[s.n., _c1902?] |
||
| 300 |
_a5 h., 1 lám. ; _c24 cm. |
||
| 500 | _aEs Separata de: Anales de la Soc. Esp. de Histª. Nat., tomo XXX, 1902, pp. 311-320. | ||
| 600 | 1 | 4 |
_aLaguna, Máximo, _d1826-1902 _969621 |
| 852 |
_aES-MaACL _jFol-Laf-199 |
||
| 852 |
_aES-MaACL _jT-1040-F-13 |
||
| 999 |
_c26375 _d26375 |
||